The art of happiness : a handbook for living (Record no. 301077)

MARC details
000 -LEADER
fixed length control field 00841nam a2200253Ia 4500
008 - FIXED-LENGTH DATA ELEMENTS--GENERAL INFORMATION
fixed length control field 191130s2009##################000#0#eng##
020 ## - INTERNATIONAL STANDARD BOOK NUMBER
ISBN 9781594488894
082 ## - DEWEY DECIMAL CLASSIFICATION NUMBER
Classification number 294.3444 CUT
100 ## - MAIN ENTRY--AUTHOR NAME
Personal name Bstan-ʼdzin-rgya-mtsho
245 ## - TITLE STATEMENT
Title The art of happiness : a handbook for living
Statement of responsibility, etc the Dalai Lama and Howard C. Cutler
250 ## - EDITION STATEMENT
Edition statement 10th anniversary ed
260 ## - PUBLICATION, DISTRIBUTION, ETC. (IMPRINT)
Place of publication New York
Name of publisher Riverhead Books
Year of publication 2009
300 ## - PHYSICAL DESCRIPTION
Number of Pages xxxii, 320 p. ; 22 cm
500 ## - GENERAL NOTE
General note With a new praface by the Dalai Lama and a new introduction by Howard C. Cutler
650 ## - SUBJECT ADDED ENTRY--TOPICAL TERM
Topical Term Buddhism - Doctrines
Topical Term Happiness - Religious aspects - Buddhism
Topical Term Religious life - Buddhism
700 ## - ADDED ENTRY--PERSONAL NAME
Personal name Cutler, Howard C
991 ## -
-- 125040
Holdings
Withdrawn status Lost status Damaged status Not for loan Home library Current library Shelving location Date acquired Full call number Accession Number Price effective from Koha item type
        Anna Centenary Library Anna Centenary Library 3RD FLOOR, B WING 15.10.2020 294.3444 CUT 413737 15.10.2020 English Books

Find us on the map